Workshop technology: (Record no. 177210)

MARC details
000 -LEADER
fixed length control field 00686nam a22001937a 4500
005 - DATE AND TIME OF LATEST TRANSACTION
control field 20210217172017.0
010 ## - LCCN (DPL NO)
LC control number B-736872
020 ## - INTERNATIONAL STANDARD BOOK NUMBER
Terms of availability 460.00
035 ## - SYSTEM CONTROL NUMBER
System control number B-736872
037 ## - SOURCE OF ACQUISITION
Source of stock number/acquisition Gift/Eng/03-02-2021
082 ## - DEWEY DECIMAL CLASSIFICATION NUMBER
Classification number 621.8
100 ## - MAIN ENTRY--PERSONAL NAME
Personal name Garg, S.K.
245 ## - TITLE STATEMENT
Title Workshop technology:
Remainder of title manufacturing processes /
Statement of responsibility, etc by S.K. Garg
260 ## - PUBLICATION, DISTRIBUTION, ETC. (IMPRINT)
Place of publication, distribution, etc New Delhi
Name of publisher, distributor, etc University Science Press
Date of publication, distribution, etc 2013
270 ## - ADDRESS
Address 113, Golden House, Daryaganj
City New Delhi
Postal code 110002
300 ## - PHYSICAL DESCRIPTION
Extent xxiii, 542p.:
Dimensions 24cm(pbk)
Other physical details ill.
942 ## - ADDED ENTRY ELEMENTS (KOHA)
Source of classification or shelving scheme Dewey Decimal Classification
Item type English Books
Call number suffix GAR
Classification part 621.8
Holdings
Withdrawn status Lost status Not for loan Collection code Home library Current library Date acquired Source of acquisition Cost, normal purchase price Full call number Barcode Copy number Cost, replacement price Koha item type
      Non-fiction Central Library Central Library 12/02/2021 Gift/Eng/03-02-2021 460.00 621.8 GAR B-736872 1 460.00 English Books

© Delhi Public Library
Hit Counter
free hit counter